000
00352nam a22001577a 4500
003
MPLRDC
005
20220104114648.0
008
210129b ||||| |||| 00| 0 eng d
082
_a
192.1 ZZY
100
_a
赵宗予
245
_a
平凡的话
_c
260
_a
_b
标准出版社
_c
1971
300
_b
平
650
_a
修身
942
_c
BK
_o
192.1 ZZY
999
_c
9234
_d
9224